LEADER 01259nam--2200409---450- 001 990002679750203316 005 20060130142232.0 010 $a88-7202-013-1 035 $a000267975 035 $aUSA01000267975 035 $a(ALEPH)000267975USA01 035 $a000267975 100 $a20051031d2000----km-y0itaa50------ba 101 0 $aita 102 $aIT 105 $aa|||z|||001yy 200 1 $a<> mio Verdi$edodici opere di Verdi raccontate dai più grandi interpreti del nostro tempo$finterviste di Leonetta Bentivoglio$gprefazione di Carlo Fontana$gschede e discografia di Angelo Foletto 210 $aRoma$cSocrates$d2000 215 $a179 p.$cill.$d24 cm 225 2 $aInterviste 410 0$12001$aInterviste 454 1 $12001 461 1$1001------$12001 600 1$aVerdi,$bGiuseppe 676 $a782.1092 702 1$aBENTIVOGLIO,$bLeonetta 702 1$aFONTANA,$bCarlo 702 1$aFOLETTO,$bAngelo 801 0$aIT$bsalbc$gISBD 912 $a990002679750203316 951 $aXIII.3.D. 206(VII M 343)$b180258 L.M.$cVII M$d00126247 959 $aBK 969 $aUMA 979 $aPECORARO$b90$c20051031$lUSA01$h0951 979 $aCOPAT6$b90$c20060130$lUSA01$h1422 996 $aMio Verdi$91002880 997 $aUNISA LEADER 02104nam0 22004933i 450 001 VAN0276627 005 20240603120410.907 017 70$2N$a9783031087059 100 $a20240603d2022 |0itac50 ba 101 $aeng 102 $aCH 105 $a|||| ||||| 200 1 $aMirzakhani?s Curve Counting and Geodesic Currents$fViveka Erlandsson, Juan Souto 210 $aCham$cBirkhäuser$cSpringer$d2022 215 $axii, 226 p.$cill.$d24 cm 410 1$1001VAN0029329$12001 $aProgress in mathematics$1210 $aBoston [etc.]$cBirkhäuser$v345 610 $aCounting closed geodesics$9KW:K 610 $aDynamics induced by group actions$9KW:K 610 $aGeodesic currents$9KW:K 610 $aGeodesic currents of cusped surfaces$9KW:K 610 $aGeometric structures on surfaces$9KW:K 610 $aImmersed train track$9KW:K 610 $aMapping class group$9KW:K 610 $aMirzakhani curve counting$9KW:K 610 $aMirzakhani curve counting for non-simple curves$9KW:K 610 $aRandom pants decomposition$9KW:K 610 $aSquare-tiled surfaces$9KW:K 610 $aStatistics of simple curves$9KW:K 610 $aTeichmüller space$9KW:K 610 $aThurston measure$9KW:K 610 $aTrain tracks hyperbolic surfaces$9KW:K 620 $aCH$dCham$3VANL001889 700 1$aErlandsson$bViveka$3VANV229365$01258335 701 1$aSouto$bJuan$3VANV229366$01738592 712 $aBirkhäuser $3VANV108193$4650 712 $aSpringer $3VANV108073$4650 801 $aIT$bSOL$c20240614$gRICA 856 4 $uhttps://doi.org/10.1007/978-3-031-08705-9$zE-book ? Accesso al full-text attraverso riconoscimento IP di Ateneo, proxy e/o Shibboleth 899 $aBIBLIOTECA DEL DIPARTIMENTO DI MATEMATICA E FISICA$1IT-CE0120$2VAN08 912 $fN 912 $aVAN0276627 950 $aBIBLIOTECA DEL DIPARTIMENTO DI MATEMATICA E FISICA$d08CONS e-Book 8604 $e08eMF8604 20240605 996 $aMirzakhani?s Curve Counting and Geodesic Currents$94160999 997 $aUNICAMPANIA